00497nam a2200157Ia 4500003000900000008004100009020001800050040001600068080001300084110005200097245008400149260005800233300000900291650002200300650001700322IN-BaIIA211028s9999 xx 000 0 eng d a81-230-0637-3 cIIA Library a058bMIB aIndian Ministry of Information and Broadcasting 0aIndia 1998- a reference annualcIndian Ministry of Information and Broadcasting aIndiabMinistry of Information and Broadcastingc1998 a784p aAnnual-India 1998 aIndia-Annual